000 00319nam a2200133Ia 4500
008 190216s9999||||xx |||||||||||||| ||und||
100 _aPramod Koparkar
245 0 _aPascal For You
250 _a1st Ed.
260 _bTata Mcgraw Hill Publishing Company Ltd
_c1994
300 _a262
650 _aComputer
942 _cBK
999 _c8457
_d8457